000 00316nam a22001337a 4500
003 SGT
082 _a617.525
_bZ14B
100 _aBHATI, GAURAV
245 _aZYGOMATIC AND PTERYGOLD IMPLANTS
260 _aDELHI NCR
_bSGT UNIVERSITY GURUGRAM
_c2014
300 _a1-83
650 _aORAL SURGERY
942 _2ddc
_cTH
999 _c18918
_d18918